| 000 | 02426nam0a2200349 4500 | ||
|---|---|---|---|
| 001 | RU\NLR\BIBL_A\022552651 | ||
| 005 | 20260420045055.0 | ||
| 010 |
_a978-5-9610-0459-5 _910 |
||
| 021 |
_aRU _bКН-П-25-018842 _9КН-П-25-1914 |
||
| 035 | _a(NLR Aleph) 022552651 | ||
| 090 |
_a13673646 _c13673646 |
||
| 100 | _a20250528d2025 u y0rusy50 ca | ||
| 101 | 0 | _arus | |
| 102 | _aRU | ||
| 105 | _aa j 000yy | ||
| 181 | 0 |
_ai3 _bxxxe |
|
| 181 | 0 |
_ab1 _bxb2e |
|
| 182 | 0 | _an | |
| 200 | 1 |
_aСборник дидактических игровых учебных ресурсов к разделу "Дифференциальное исчисление функции с одной переменной" _eучебно-методическое пособие _eдля проведения практических занятий и организации самостоятельной работы студентов высших учебных заведений в области математики _fКиричек Галина Анатольевна _gМинистерство науки и высшего образования Российской Федерации, Федеральное государственное бюджетное образовательное учреждение высшего образования "Камчатский государственный университет имени Витуса Беринга" |
|
| 203 |
_aТекст _aИзображение _bвизуальные _cнепосредственные |
||
| 210 |
_aПетропавловск-Камчатский _cКамчатпресс _d2025 |
||
| 215 |
_a174 c. _cил., цв. ил. _d21 |
||
| 320 | _aБиблиогр.: с. 174 (18 назв.) | ||
| 606 | 1 |
_aМатематика _jУчебно-методические пособия для высших учебных заведений _xПреподавание _xИгровые методы _xВысшая школа _92676383 _3RU\NLR\AUTH\6601759776 |
|
| 606 | 1 |
_aФункции одной переменной _jЗадачники _xДифференциальное исчисление _91000910 _3RU\NLR\AUTH\66379511 |
|
| 686 | 1 | _aВ161.211я73-4 | |
| 686 | 1 | _aЧ486.24-25я73 | |
| 700 | 1 |
_aКиричек _bГ. А. _gГалина Анатольевна |
|
| 942 | _cBOOK | ||
| 980 | _aNB | ||